000 00788nam a2200241 i 4500
003 DO-SdBNP
005 20250715143824.0
007 ta
008 250715s1963 dr 000 0 spa d
040 _aDO-SdBNP
_bspa
_cBNPHU
_erda
041 _aeng
082 1 _axxx
_bS132
_222
100 _aSaillant Valverde, Cesar A.
_eautor
_924641
_4aut.
245 1 0 _aDisclosures to Sanchez Cabral :
_bRamfis Trujillo´s role in the murder of the heroes of may 30, 1961 /
_cCesar A. Saillant Valverde
264 1 _aSanto Domingo :
_bEditora Del Caribe,
_c1963.
300 _a41 páginas :
_c25 cm.
336 _atexto
_btxt
_2rdacontent
337 _asin mediación
_bn
_2rdamedia
338 _avolumen
_bnc
_2rdacarrier
590 _aInventariado, 2025/ YL
910 _aYLockward
942 _2ddc
_cLF2
999 _c59547
_d59547